Random Number to Roman Numeral - Statistics

General Stats
  • This quiz has been taken 164 times
  • The average score is 8 of 9
Answer Stats
Number Numeral % Correct
100 C
100%
303 CCCIII
100%
304 CCCIV
100%
350 CCCL
100%
351 CCCLI
100%
353 CCCLIII
100%
355 CCCLV
100%
356 CCCLVI
100%
360 CCCLX
100%
362 CCCLXII
100%
363 CCCLXIII
100%
369 CCCLXIX
100%
366 CCCLXVI
100%
370 CCCLXX
100%
375 CCCLXXV
100%
377 CCCLXXVII
100%
384 CCCLXXXIV
100%
388 CCCLXXXVIII
100%
305 CCCV
100%
307 CCCVII
100%
308 CCCVIII
100%
310 CCCX
100%
394 CCCXCIV
100%
399 CCCXCIX
100%
397 CCCXCVII
100%
398 CCCXCVIII
100%
319 CCCXIX
100%
343 CCCXLIII
100%
345 CCCXLV
100%
315 CCCXV
100%
316 CCCXVI
100%
318 CCCXVIII
100%
320 CCCXX
100%
322 CCCXXII
100%
323 CCCXXIII
100%
325 CCCXXV
100%
330 CCCXXX
100%
332 CCCXXXII
100%
334 CCCXXXIV
100%
335 CCCXXXV
100%
337 CCCXXXVII
100%
201 CCI
100%
202 CCII
100%
204 CCIV
100%
209 CCIX
100%
251 CCLI
100%
252 CCLII
100%
254 CCLIV
100%
259 CCLIX
100%
255 CCLV
100%
258 CCLVIII
100%
260 CCLX
100%
261 CCLXI
100%
262 CCLXII
100%
267 CCLXVII
100%
268 CCLXVIII
100%
270 CCLXX
100%
272 CCLXXII
100%
274 CCLXXIV
100%
275 CCLXXV
100%
276 CCLXXVI
100%
278 CCLXXVIII
100%
280 CCLXXX
100%
282 CCLXXXII
100%
283 CCLXXXIII
100%
289 CCLXXXIX
100%
287 CCLXXXVII
100%
205 CCV
100%
290 CCXC
100%
293 CCXCIII
100%
294 CCXCIV
100%
295 CCXCV
100%
211 CCXI
100%
241 CCXLI
100%
249 CCXLIX
100%
246 CCXLVI
100%
215 CCXV
100%
217 CCXVII
100%
220 CCXX
100%
222 CCXXII
100%
227 CCXXVII
100%
230 CCXXX
100%
234 CCXXXIV
100%
235 CCXXXV
100%
236 CCXXXVI
100%
238 CCXXXVIII
100%
401 CDI
100%
403 CDIII
100%
451 CDLI
100%
452 CDLII
100%
454 CDLIV
100%
455 CDLV
100%
460 CDLX
100%
461 CDLXI
100%
469 CDLXIX
100%
465 CDLXV
100%
466 CDLXVI
100%
467 CDLXVII
100%
470 CDLXX
100%
474 CDLXXIV
100%
477 CDLXXVII
100%
481 CDLXXXI
100%
483 CDLXXXIII
100%
484 CDLXXXIV
100%
489 CDLXXXIX
100%
486 CDLXXXVI
100%
405 CDV
100%
407 CDVII
100%
410 CDX
100%
490 CDXC
100%
491 CDXCI
100%
492 CDXCII
100%
493 CDXCIII
100%
499 CDXCIX
100%
496 CDXCVI
100%
498 CDXCVIII
100%
414 CDXIV
100%
440 CDXL
100%
441 CDXLI
100%
443 CDXLIII
100%
444 CDXLIV
100%
449 CDXLIX
100%
446 CDXLVI
100%
447 CDXLVII
100%
415 CDXV
100%
418 CDXVIII
100%
422 CDXXII
100%
424 CDXXIV
100%
425 CDXXV
100%
426 CDXXVI
100%
428 CDXXVIII
100%
434 CDXXXIV
100%
439 CDXXXIX
100%
436 CDXXXVI
100%
438 CDXXXVIII
100%
102 CII
100%
103 CIII
100%
104 CIV
100%
109 CIX
100%
150 CL
100%
151 CLI
100%
155 CLV
100%
162 CLXII
100%
163 CLXIII
100%
164 CLXIV
100%
171 CLXXI
100%
174 CLXXIV
100%
179 CLXXIX
100%
175 CLXXV
100%
177 CLXXVII
100%
178 CLXXVIII
100%
180 CLXXX
100%
182 CLXXXII
100%
189 CLXXXIX
100%
186 CLXXXVI
100%
903 CMIII
100%
950 CML
100%
951 CMLI
100%
953 CMLIII
100%
955 CMLV
100%
956 CMLVI
100%
957 CMLVII
100%
962 CMLXII
100%
969 CMLXIX
100%
966 CMLXVI
100%
967 CMLXVII
100%
970 CMLXX
100%
973 CMLXXIII
100%
974 CMLXXIV
100%
975 CMLXXV
100%
976 CMLXXVI
100%
981 CMLXXXI
100%
986 CMLXXXVI
100%
906 CMVI
100%
908 CMVIII
100%
991 CMXCI
100%
996 CMXCVI
100%
911 CMXI
100%
940 CMXL
100%
942 CMXLII
100%
943 CMXLIII
100%
947 CMXLVII
100%
948 CMXLVIII
100%
918 CMXVIII
100%
921 CMXXI
100%
929 CMXXIX
100%
925 CMXXV
100%
927 CMXXVII
100%
930 CMXXX
100%
931 CMXXXI
100%
933 CMXXXIII
100%
934 CMXXXIV
100%
935 CMXXXV
100%
937 CMXXXVII
100%
938 CMXXXVIII
100%
105 CV
100%
107 CVII
100%
108 CVIII
100%
110 CX
100%
191 CXCI
100%
194 CXCIV
100%
199 CXCIX
100%
195 CXCV
100%
196 CXCVI
100%
197 CXCVII
100%
198 CXCVIII
100%
113 CXIII
100%
119 CXIX
100%
145 CXLV
100%
146 CXLVI
100%
116 CXVI
100%
117 CXVII
100%
118 CXVIII
100%
120 CXX
100%
123 CXXIII
100%
127 CXXVII
100%
130 CXXX
100%
131 CXXXI
100%
132 CXXXII
100%
133 CXXXIII
100%
139 CXXXIX
100%
500 D
100%
800 DCCC
100%
851 DCCCLI
100%
854 DCCCLIV
100%
855 DCCCLV
100%
856 DCCCLVI
100%
857 DCCCLVII
100%
860 DCCCLX
100%
862 DCCCLXII
100%
866 DCCCLXVI
100%
868 DCCCLXVIII
100%
870 DCCCLXX
100%
872 DCCCLXXII
100%
874 DCCCLXXIV
100%
875 DCCCLXXV
100%
876 DCCCLXXVI
100%
877 DCCCLXXVII
100%
878 DCCCLXXVIII
100%
880 DCCCLXXX
100%
881 DCCCLXXXI
100%
887 DCCCLXXXVII
100%
807 DCCCVII
100%
891 DCCCXCI
100%
893 DCCCXCIII
100%
894 DCCCXCIV
100%
896 DCCCXCVI
100%
898 DCCCXCVIII
100%
811 DCCCXI
100%
813 DCCCXIII
100%
819 DCCCXIX
100%
840 DCCCXL
100%
843 DCCCXLIII
100%
844 DCCCXLIV
100%
849 DCCCXLIX
100%
847 DCCCXLVII
100%
816 DCCCXVI
100%
817 DCCCXVII
100%
824 DCCCXXIV
100%
829 DCCCXXIX
100%
826 DCCCXXVI
100%
827 DCCCXXVII
100%
830 DCCCXXX
100%
832 DCCCXXXII
100%
834 DCCCXXXIV
100%
839 DCCCXXXIX
100%
836 DCCCXXXVI
100%
837 DCCCXXXVII
100%
701 DCCI
100%
704 DCCIV
100%
759 DCCLIX
100%
760 DCCLX
100%
763 DCCLXIII
100%
764 DCCLXIV
100%
769 DCCLXIX
100%
773 DCCLXXIII
100%
779 DCCLXXIX
100%
775 DCCLXXV
100%
776 DCCLXXVI
100%
777 DCCLXXVII
100%
778 DCCLXXVIII
100%
781 DCCLXXXI
100%
783 DCCLXXXIII
100%
784 DCCLXXXIV
100%
785 DCCLXXXV
100%
788 DCCLXXXVIII
100%
706 DCCVI
100%
707 DCCVII
100%
710 DCCX
100%
790 DCCXC
100%
791 DCCXCI
100%
793 DCCXCIII
100%
799 DCCXCIX
100%
795 DCCXCV
100%
796 DCCXCVI
100%
798 DCCXCVIII
100%
712 DCCXII
100%
713 DCCXIII
100%
741 DCCXLI
100%
742 DCCXLII
100%
743 DCCXLIII
100%
749 DCCXLIX
100%
745 DCCXLV
100%
747 DCCXLVII
100%
718 DCCXVIII
100%
720 DCCXX
100%
723 DCCXXIII
100%
725 DCCXXV
100%
726 DCCXXVI
100%
727 DCCXXVII
100%
730 DCCXXX
100%
735 DCCXXXV
100%
737 DCCXXXVII
100%
601 DCI
100%
652 DCLII
100%
654 DCLIV
100%
659 DCLIX
100%
664 DCLXIV
100%
669 DCLXIX
100%
679 DCLXXIX
100%
675 DCLXXV
100%
676 DCLXXVI
100%
677 DCLXXVII
100%
684 DCLXXXIV
100%
685 DCLXXXV
100%
686 DCLXXXVI
100%
607 DCVII
100%
608 DCVIII
100%
690 DCXC
100%
693 DCXCIII
100%
694 DCXCIV
100%
699 DCXCIX
100%
695 DCXCV
100%
698 DCXCVIII
100%
611 DCXI
100%
612 DCXII
100%
613 DCXIII
100%
619 DCXIX
100%
640 DCXL
100%
641 DCXLI
100%
643 DCXLIII
100%
644 DCXLIV
100%
645 DCXLV
100%
646 DCXLVI
100%
616 DCXVI
100%
617 DCXVII
100%
618 DCXVIII
100%
620 DCXX
100%
621 DCXXI
100%
622 DCXXII
100%
623 DCXXIII
100%
624 DCXXIV
100%
627 DCXXVII
100%
631 DCXXXI
100%
632 DCXXXII
100%
633 DCXXXIII
100%
636 DCXXXVI
100%
637 DCXXXVII
100%
501 DI
100%
502 DII
100%
504 DIV
100%
509 DIX
100%
551 DLI
100%
552 DLII
100%
553 DLIII
100%
556 DLVI
100%
557 DLVII
100%
561 DLXI
100%
570 DLXX
100%
571 DLXXI
100%
573 DLXXIII
100%
579 DLXXIX
100%
577 DLXXVII
100%
580 DLXXX
100%
581 DLXXXI
100%
582 DLXXXII
100%
585 DLXXXV
100%
506 DVI
100%
507 DVII
100%
508 DVIII
100%
590 DXC
100%
592 DXCII
100%
593 DXCIII
100%
599 DXCIX
100%
595 DXCV
100%
598 DXCVIII
100%
511 DXI
100%
512 DXII
100%
544 DXLIV
100%
546 DXLVI
100%
547 DXLVII
100%
548 DXLVIII
100%
522 DXXII
100%
523 DXXIII
100%
524 DXXIV
100%
529 DXXIX
100%
526 DXXVI
100%
528 DXXVIII
100%
534 DXXXIV
100%
539 DXXXIX
100%
535 DXXXV
100%
536 DXXXVI
100%
537 DXXXVII
100%
1 I
100%
3 III
100%
4 IV
100%
59 LIX
100%
55 LV
100%
56 LVI
100%
57 LVII
100%
58 LVIII
100%
62 LXII
100%
69 LXIX
100%
65 LXV
100%
70 LXX
100%
71 LXXI
100%
72 LXXII
100%
75 LXXV
100%
80 LXXX
100%
82 LXXXII
100%
86 LXXXVI
100%
87 LXXXVII
100%
88 LXXXVIII
100%
1000 M
100%
6 VI
100%
7 VII
100%
91 XCI
100%
94 XCIV
100%
96 XCVI
100%
97 XCVII
100%
14 XIV
100%
19 XIX
100%
43 XLIII
100%
45 XLV
100%
46 XLVI
100%
15 XV
100%
20 XX
100%
22 XXII
100%
23 XXIII
100%
24 XXIV
100%
25 XXV
100%
26 XXVI
100%
27 XXVII
100%
30 XXX
100%
31 XXXI
100%
32 XXXII
100%
34 XXXIV
100%
36 XXXVI
100%
38 XXXVIII
100%
352 CCCLII
75%
525 DXXV
75%
357 CCCLVII
67%
329 CCCXXIX
67%
473 CDLXXIII
67%
968 CMLXVIII
67%
939 CMXXXIX
67%
814 DCCCXIV
67%
770 DCCLXX
67%
794 DCCXCIV
67%
554 DLIV
67%
99 XCIX
67%
333 CCCXXXIII
50%
269 CCLXIX
50%
265 CCLXV
50%
206 CCVI
50%
297 CCXCVII
50%
242 CCXLII
50%
458 CDLVIII
50%
482 CDLXXXII
50%
494 CDXCIV
50%
153 CLIII
50%
978 CMLXXVIII
50%
989 CMLXXXIX
50%
987 CMLXXXVII
50%
988 CMLXXXVIII
50%
995 CMXCV
50%
916 CMXVI
50%
917 CMXVII
50%
922 CMXXII
50%
928 CMXXVIII
50%
192 CXCII
50%
802 DCCCII
50%
867 DCCCLXVII
50%
883 DCCCLXXXIII
50%
899 DCCCXCIX
50%
602 DCII
50%
661 DCLXI
50%
673 DCLXXIII
50%
610 DCX
50%
647 DCXLVII
50%
518 DXVIII
50%
605 DCV
33%
200 CC
0%
300 CCC
0%
301 CCCI
0%
302 CCCII
0%
309 CCCIX
0%
354 CCCLIV
0%
359 CCCLIX
0%
358 CCCLVIII
0%
361 CCCLXI
0%
364 CCCLXIV
0%
365 CCCLXV
0%
367 CCCLXVII
0%
368 CCCLXVIII
0%
371 CCCLXXI
0%
372 CCCLXXII
0%
373 CCCLXXIII
0%
374 CCCLXXIV
0%
379 CCCLXXIX
0%
376 CCCLXXVI
0%
378 CCCLXXVIII
0%
380 CCCLXXX
0%
381 CCCLXXXI
0%
382 CCCLXXXII
0%
383 CCCLXXXIII
0%
389 CCCLXXXIX
0%
385 CCCLXXXV
0%
386 CCCLXXXVI
0%
387 CCCLXXXVII
0%
306 CCCVI
0%
390 CCCXC
0%
391 CCCXCI
0%
392 CCCXCII
0%
393 CCCXCIII
0%
395 CCCXCV
0%
396 CCCXCVI
0%
311 CCCXI
0%
312 CCCXII
0%
313 CCCXIII
0%
314 CCCXIV
0%
340 CCCXL
0%
341 CCCXLI
0%
342 CCCXLII
0%
344 CCCXLIV
0%
349 CCCXLIX
0%
346 CCCXLVI
0%
347 CCCXLVII
0%
348 CCCXLVIII
0%
317 CCCXVII
0%
321 CCCXXI
0%
324 CCCXXIV
0%
326 CCCXXVI
0%
327 CCCXXVII
0%
328 CCCXXVIII
0%
331 CCCXXXI
0%
339 CCCXXXIX
0%
336 CCCXXXVI
0%
338 CCCXXXVIII
0%
203 CCIII
0%
250 CCL
0%
253 CCLIII
0%
256 CCLVI
0%
257 CCLVII
0%
263 CCLXIII
0%
264 CCLXIV
0%
266 CCLXVI
0%
271 CCLXXI
0%
273 CCLXXIII
0%
279 CCLXXIX
0%
277 CCLXXVII
0%
281 CCLXXXI
0%
284 CCLXXXIV
0%
285 CCLXXXV
0%
286 CCLXXXVI
0%
288 CCLXXXVIII
0%
207 CCVII
0%
208 CCVIII
0%
210 CCX
0%
291 CCXCI
0%
292 CCXCII
0%
299 CCXCIX
0%
296 CCXCVI
0%
298 CCXCVIII
0%
212 CCXII
0%
213 CCXIII
0%
214 CCXIV
0%
219 CCXIX
0%
240 CCXL
0%
243 CCXLIII
0%
244 CCXLIV
0%
245 CCXLV
0%
247 CCXLVII
0%
248 CCXLVIII
0%
216 CCXVI
0%
218 CCXVIII
0%
221 CCXXI
0%
223 CCXXIII
0%
224 CCXXIV
0%
229 CCXXIX
0%
225 CCXXV
0%
226 CCXXVI
0%
228 CCXXVIII
0%
231 CCXXXI
0%
232 CCXXXII
0%
233 CCXXXIII
0%
239 CCXXXIX
0%
237 CCXXXVII
0%
400 CD
0%
402 CDII
0%
404 CDIV
0%
409 CDIX
0%
450 CDL
0%
453 CDLIII
0%
459 CDLIX
0%
456 CDLVI
0%
457 CDLVII
0%
462 CDLXII
0%
463 CDLXIII
0%
464 CDLXIV
0%
468 CDLXVIII
0%
471 CDLXXI
0%
472 CDLXXII
0%
479 CDLXXIX
0%
475 CDLXXV
0%
476 CDLXXVI
0%
478 CDLXXVIII
0%
480 CDLXXX
0%
485 CDLXXXV
0%
487 CDLXXXVII
0%
488 CDLXXXVIII
0%
406 CDVI
0%
408 CDVIII
0%
495 CDXCV
0%
497 CDXCVII
0%
411 CDXI
0%
412 CDXII
0%
413 CDXIII
0%
419 CDXIX
0%
442 CDXLII
0%
445 CDXLV
0%
448 CDXLVIII
0%
416 CDXVI
0%
417 CDXVII
0%
420 CDXX
0%
421 CDXXI
0%
423 CDXXIII
0%
429 CDXXIX
0%
427 CDXXVII
0%
430 CDXXX
0%
431 CDXXXI
0%
432 CDXXXII
0%
433 CDXXXIII
0%
435 CDXXXV
0%
437 CDXXXVII
0%
101 CI
0%
152 CLII
0%
154 CLIV
0%
159 CLIX
0%
156 CLVI
0%
157 CLVII
0%
158 CLVIII
0%
160 CLX
0%
161 CLXI
0%
169 CLXIX
0%
165 CLXV
0%
166 CLXVI
0%
167 CLXVII
0%
168 CLXVIII
0%
170 CLXX
0%
172 CLXXII
0%
173 CLXXIII
0%
176 CLXXVI
0%
181 CLXXXI
0%
183 CLXXXIII
0%
184 CLXXXIV
0%
185 CLXXXV
0%
187 CLXXXVII
0%
188 CLXXXVIII
0%
900 CM
0%
901 CMI
0%
902 CMII
0%
904 CMIV
0%
909 CMIX
0%
952 CMLII
0%
954 CMLIV
0%
959 CMLIX
0%
958 CMLVIII
0%
960 CMLX
0%
961 CMLXI
0%
963 CMLXIII
0%
964 CMLXIV
0%
965 CMLXV
0%
971 CMLXXI
0%
972 CMLXXII
0%
979 CMLXXIX
0%
977 CMLXXVII
0%
980 CMLXXX
0%
982 CMLXXXII
0%
983 CMLXXXIII
0%
984 CMLXXXIV
0%
985 CMLXXXV
0%
905 CMV
0%
907 CMVII
0%
910 CMX
0%
990 CMXC
0%
992 CMXCII
0%
993 CMXCIII
0%
994 CMXCIV
0%
999 CMXCIX
0%
997 CMXCVII
0%
998 CMXCVIII
0%
912 CMXII
0%
913 CMXIII
0%
914 CMXIV
0%
919 CMXIX
0%
941 CMXLI
0%
944 CMXLIV
0%
949 CMXLIX
0%
945 CMXLV
0%
946 CMXLVI
0%
915 CMXV
0%
920 CMXX
0%
923 CMXXIII
0%
924 CMXXIV
0%
926 CMXXVI
0%
932 CMXXXII
0%
936 CMXXXVI
0%
106 CVI
0%
190 CXC
0%
193 CXCIII
0%
111 CXI
0%
112 CXII
0%
114 CXIV
0%
140 CXL
0%
141 CXLI
0%
142 CXLII
0%
143 CXLIII
0%
144 CXLIV
0%
149 CXLIX
0%
147 CXLVII
0%
148 CXLVIII
0%
115 CXV
0%
121 CXXI
0%
122 CXXII
0%
124 CXXIV
0%
129 CXXIX
0%
125 CXXV
0%
126 CXXVI
0%
128 CXXVIII
0%
134 CXXXIV
0%
135 CXXXV
0%
136 CXXXVI
0%
137 CXXXVII
0%
138 CXXXVIII
0%
600 DC
0%
700 DCC
0%
801 DCCCI
0%
803 DCCCIII
0%
804 DCCCIV
0%
809 DCCCIX
0%
850 DCCCL
0%
852 DCCCLII
0%
853 DCCCLIII
0%
859 DCCCLIX
0%
858 DCCCLVIII
0%
861 DCCCLXI
0%
863 DCCCLXIII
0%
864 DCCCLXIV
0%
869 DCCCLXIX
0%
865 DCCCLXV
0%
871 DCCCLXXI
0%
873 DCCCLXXIII
0%
879 DCCCLXXIX
0%
882 DCCCLXXXII
0%
884 DCCCLXXXIV
0%
889 DCCCLXXXIX
0%
885 DCCCLXXXV
0%
886 DCCCLXXXVI
0%
888 DCCCLXXXVIII
0%
805 DCCCV
0%
806 DCCCVI
0%
808 DCCCVIII
0%
810 DCCCX
0%
890 DCCCXC
0%
892 DCCCXCII
0%
895 DCCCXCV
0%
897 DCCCXCVII
0%
812 DCCCXII
0%
841 DCCCXLI
0%
842 DCCCXLII
0%
845 DCCCXLV
0%
846 DCCCXLVI
0%
848 DCCCXLVIII
0%
815 DCCCXV
0%
818 DCCCXVIII
0%
820 DCCCXX
0%
821 DCCCXXI
0%
822 DCCCXXII
0%
823 DCCCXXIII
0%
825 DCCCXXV
0%
828 DCCCXXVIII
0%
831 DCCCXXXI
0%
833 DCCCXXXIII
0%
835 DCCCXXXV
0%
838 DCCCXXXVIII
0%
702 DCCII
0%
703 DCCIII
0%
709 DCCIX
0%
750 DCCL
0%
751 DCCLI
0%
752 DCCLII
0%
753 DCCLIII
0%
754 DCCLIV
0%
755 DCCLV
0%
756 DCCLVI
0%
757 DCCLVII
0%
758 DCCLVIII
0%
761 DCCLXI
0%
762 DCCLXII
0%
765 DCCLXV
0%
766 DCCLXVI
0%
767 DCCLXVII
0%
768 DCCLXVIII
0%
771 DCCLXXI
0%
772 DCCLXXII
0%
774 DCCLXXIV
0%
780 DCCLXXX
0%
782 DCCLXXXII
0%
789 DCCLXXXIX
0%
786 DCCLXXXVI
0%
787 DCCLXXXVII
0%
705 DCCV
0%
708 DCCVIII
0%
792 DCCXCII
0%
797 DCCXCVII
0%
711 DCCXI
0%
714 DCCXIV
0%
719 DCCXIX
0%
740 DCCXL
0%
744 DCCXLIV
0%
746 DCCXLVI
0%
748 DCCXLVIII
0%
715 DCCXV
0%
716 DCCXVI
0%
717 DCCXVII
0%
721 DCCXXI
0%
722 DCCXXII
0%
724 DCCXXIV
0%
729 DCCXXIX
0%
728 DCCXXVIII
0%
731 DCCXXXI
0%
732 DCCXXXII
0%
733 DCCXXXIII
0%
734 DCCXXXIV
0%
739 DCCXXXIX
0%
736 DCCXXXVI
0%
738 DCCXXXVIII
0%
603 DCIII
0%
604 DCIV
0%
609 DCIX
0%
650 DCL
0%
651 DCLI
0%
653 DCLIII
0%
655 DCLV
0%
656 DCLVI
0%
657 DCLVII
0%
658 DCLVIII
0%
660 DCLX
0%
662 DCLXII
0%
663 DCLXIII
0%
665 DCLXV
0%
666 DCLXVI
0%
667 DCLXVII
0%
668 DCLXVIII
0%
670 DCLXX
0%
671 DCLXXI
0%
672 DCLXXII
0%
674 DCLXXIV
0%
678 DCLXXVIII
0%
680 DCLXXX
0%
681 DCLXXXI
0%
682 DCLXXXII
0%
683 DCLXXXIII
0%
689 DCLXXXIX
0%
687 DCLXXXVII
0%
688 DCLXXXVIII
0%
606 DCVI
0%
691 DCXCI
0%
692 DCXCII
0%
696 DCXCVI
0%
697 DCXCVII
0%
614 DCXIV
0%
642 DCXLII
0%
649 DCXLIX
0%
648 DCXLVIII
0%
615 DCXV
0%
629 DCXXIX
0%
625 DCXXV
0%
626 DCXXVI
0%
628 DCXXVIII
0%
630 DCXXX
0%
634 DCXXXIV
0%
639 DCXXXIX
0%
635 DCXXXV
0%
638 DCXXXVIII
0%
503 DIII
0%
550 DL
0%
559 DLIX
0%
555 DLV
0%
558 DLVIII
0%
560 DLX
0%
562 DLXII
0%
563 DLXIII
0%
564 DLXIV
0%
569 DLXIX
0%
565 DLXV
0%
566 DLXVI
0%
567 DLXVII
0%
568 DLXVIII
0%
572 DLXXII
0%
574 DLXXIV
0%
575 DLXXV
0%
576 DLXXVI
0%
578 DLXXVIII
0%
583 DLXXXIII
0%
584 DLXXXIV
0%
589 DLXXXIX
0%
586 DLXXXVI
0%
587 DLXXXVII
0%
588 DLXXXVIII
0%
505 DV
0%
510 DX
0%
591 DXCI
0%
594 DXCIV
0%
596 DXCVI
0%
597 DXCVII
0%
513 DXIII
0%
514 DXIV
0%
519 DXIX
0%
540 DXL
0%
541 DXLI
0%
542 DXLII
0%
543 DXLIII
0%
549 DXLIX
0%
545 DXLV
0%
515 DXV
0%
516 DXVI
0%
517 DXVII
0%
520 DXX
0%
521 DXXI
0%
527 DXXVII
0%
530 DXXX
0%
531 DXXXI
0%
532 DXXXII
0%
533 DXXXIII
0%
538 DXXXVIII
0%
2 II
0%
9 IX
0%
50 L
0%
51 LI
0%
52 LII
0%
53 LIII
0%
54 LIV
0%
60 LX
0%
61 LXI
0%
63 LXIII
0%
64 LXIV
0%
66 LXVI
0%
67 LXVII
0%
68 LXVIII
0%
73 LXXIII
0%
74 LXXIV
0%
79 LXXIX
0%
76 LXXVI
0%
77 LXXVII
0%
78 LXXVIII
0%
81 LXXXI
0%
83 LXXXIII
0%
84 LXXXIV
0%
89 LXXXIX
0%
85 LXXXV
0%
5 V
0%
8 VIII
0%
10 X
0%
90 XC
0%
92 XCII
0%
93 XCIII
0%
95 XCV
0%
98 XCVIII
0%
11 XI
0%
12 XII
0%
13 XIII
0%
40 XL
0%
41 XLI
0%
42 XLII
0%
44 XLIV
0%
49 XLIX
0%
47 XLVII
0%
48 XLVIII
0%
16 XVI
0%
17 XVII
0%
18 XVIII
0%
21 XXI
0%
29 XXIX
0%
28 XXVIII
0%
33 XXXIII
0%
39 XXXIX
0%
35 XXXV
0%
37 XXXVII
0%
No matching quizzes found
Score Distribution
Percent of People with Each Score
Percentile by Number Answered
Your Score History
You have not taken this quiz